Census of establishments, Nawabshah, 1965. (Record no. 79680)
[ view plain ]
| 000 -LEADER | |
|---|---|
| fixed length control field | 00690cam a22002291 4500 |
| 001 - CONTROL NUMBER | |
| control field | sa 68003702 |
| 003 - CONTROL NUMBER IDENTIFIER | |
| control field | DLC |
| 005 - DATE AND TIME OF LATEST TRANSACTION | |
| control field | 20260227112455.0 |
| 008 - FIXED-LENGTH DATA ELEMENTS--GENERAL INFORMATION | |
| fixed length control field | 710903s1967 pk b 00010 eng |
| 010 ## - LIBRARY OF CONGRESS CONTROL NUMBER | |
| LC control number | sa 68003702 |
| 025 ## - OVERSEAS ACQUISITION NUMBER | |
| Overseas acquisition number | PL480:P-E-1399 |
| 043 ## - GEOGRAPHIC AREA CODE | |
| Geographic area code | a-pk--- |
| 050 0# - LIBRARY OF CONGRESS CALL NUMBER | |
| Classification number | HC440.5 |
| Item number | .Z7N35 |
| 082 ## - DEWEY DECIMAL CLASSIFICATION NUMBER | |
| Classification number | 338/.09549/18 |
| 110 10 - MAIN ENTRY--CORPORATE NAME | |
| Corporate name or jurisdiction name as entry element | Pakistan. |
| Subordinate unit | Central Statistical Office. |
| 245 10 - TITLE STATEMENT | |
| Title | Census of establishments, Nawabshah, 1965. |
| 260 0# - PUBLICATION, DISTRIBUTION, ETC. | |
| Place of publication, distribution, etc. | [Karachi] |
| Name of publisher, distributor, etc. | Economic Affairs Division, Central Statistical Office, Govt. of Pakistan |
| Date of publication, distribution, etc. | [1967] |
| 300 ## - PHYSICAL DESCRIPTION | |
| Extent | vi, 89 p. |
| Other physical details | map. |
| Dimensions | 25 cm. |
| 500 ## - GENERAL NOTE | |
| General note | Cover title. |
| 651 #0 - SUBJECT ADDED ENTRY--GEOGRAPHIC NAME | |
| Geographic name | Nawābshāh |
| Geographic subdivision | India. |
| 651 #0 - SUBJECT ADDED ENTRY--GEOGRAPHIC NAME | |
| Geographic name | Nawābshāh |
| General subdivision | Commerce. |
No items available.